000 00513nam a2200181Ia 4500
008 100920s9999 xx 000 0 und d
082 _b58745
_a24 थ 85
100 _aकर्णिक मधुमंगेश.
245 _aसनद.
260 _bमॅजेस्टिक बुक स्टॉल, मुंबई.
_c1985
300 _a126
_bसाधी
365 _b30
520 _aसायो.
630 _aसनद.
650 _aसायो.
730 _aसनद.
942 _cBOOK
999 _c702291
_d702288